Biggest City by Washington County - Statistics

General Stats
  • This quiz has been taken 10 times
  • The average score is 14 of 39
Answer Stats
County Largest City % Correct
Thurston Olympia
100%
King Seattle
100%
Spokane Spokane
100%
Pierce Tacoma
86%
Clark Vancouver
86%
Yakima Yakima
86%
Whatcom Bellingham
71%
Walla Walla Walla Walla
71%
Snohomish Everett
57%
Douglas East Wenatchee
43%
Grant Moses Lake
43%
Whitman Pullman
43%
Chelan Wenatchee
43%
Kitsap Bremerton
29%
Asotin Clarkston
29%
Kittitas Ellensburg
29%
San Juan Friday Harbor
29%
Benton Kennewick
29%
Cowlitz Longview
29%
Franklin Pasco
29%
Clallam Port Angeles
29%
Grays Harbor Aberdeen
14%
Skagit Anacortes
14%
Skamania Carson
14%
Lewis Centralia
14%
Columbia Dayton
14%
Klickitat Goldendale
14%
Island Oak Harbor
14%
Okanogan Omak
14%
Garfield Pomeroy
14%
Jefferson Port Ludlow
14%
Wahkiakum Puget Island
14%
Pacific Raymond
14%
Ferry Republic
14%
Mason Shelton
14%
Lincoln Davenport
0%
Pend Oreille Newport
0%
Adams Othello
0%
Stevens Suncrest
0%
No matching quizzes found
Score Distribution
Percent of People with Each Score
Percentile by Number Answered
Your Score History
You have not taken this quiz